Zákon o doplnkovom dôchodkovom sporení
Úplné znenie zákona č. 650/2004 Z.z. o doplnkovom dôchodkovom sporení a o zmene a doplnení niektorých zákonov v znení ďalších zákonov aj s komentárom. Základné pojmy. Doplnková dôchodková spoločnosť. Doplnkové dôchodkové fondy. Sprostredkovanie doplnkového dôchodkového sporenia. Transformácia doplnk...
Salvato in:
| Autore principale: | |
|---|---|
| Natura: | Capitolo di libro |
| Lingua: | slovacco |
| Soggetti: | |
| Tags: |
Nessun Tag, puoi essere il primo ad aggiungerne!!
|
MARC
| LEADER | 00000naa$a2200000$$$4500 | ||
|---|---|---|---|
| 001 | 0093586 | ||
| 005 | 20231109100127.6 | ||
| 041 | 0 | |a slo | |
| 044 | |a SK | ||
| 245 | 1 | 0 | |a Zákon o doplnkovom dôchodkovom sporení |c Igor Hvojník |
| 520 | |a Úplné znenie zákona č. 650/2004 Z.z. o doplnkovom dôchodkovom sporení a o zmene a doplnení niektorých zákonov v znení ďalších zákonov aj s komentárom. Základné pojmy. Doplnková dôchodková spoločnosť. Doplnkové dôchodkové fondy. Sprostredkovanie doplnkového dôchodkového sporenia. Transformácia doplnkovej dôchodkovej poisťovne. Spoločné, prechodné a záverečné ustanovenia. | ||
| 610 | 2 | 0 | |a sporenie dôchodkové doplnkové |
| 610 | 2 | 0 | |a dôchodky starobné |
| 610 | 2 | 0 | |a zákony |
| 610 | 2 | 0 | |a spoločnosti dôchodkové doplnkové |
| 100 | 1 | |a Hvojník, Igor | |